| 000 | 00870nam a22002297a 4500 | ||
|---|---|---|---|
| 999 |
_c2018 _d2018 |
||
| 003 | AR-CdUCM | ||
| 008 | 190228b ||||| |||| 00| 0 spa d | ||
| 040 |
_aMUNICIPALIDAD PROVINCIAL DEL CUSCO _cBIBLIOTECA MUNICIPAL DEL CUSCO |
||
| 082 |
_a869.53 / _bT17 |
||
| 100 |
_aTamayo Rodríguez, J. Agustín _97333 |
||
| 245 |
_aEstudios sobre Juan Espinosa Medrano : _b(El Lunarejo) / |
||
| 260 |
_aPerú : _bStudium ; _c1971. |
||
| 300 |
_a170 páginas _c22cm |
||
| 505 | _aCalcauso, cuna de Lunarejo -- Lunarejo y la realidad Social y Política de su tiempo -- Lunarejo ante la historia -- La Novena maravilla -- La Philosophia Thomistica | ||
| 650 |
_aLunarejo _97334 |
||
| 650 |
_aSiglo de Oro _97335 |
||
| 650 |
_aLiteratura castellana _97336 |
||
| 650 |
_aPrecursor _97337 |
||
| 650 |
_aNacionalista _97338 |
||
| 942 |
_2ddc _cLIBROS |
||
| 945 |
_anom _d2019-02-28 |
||